000 01040nac a22003017a 4500
001 BR7500926
003 BR-BrBNA
005 20240105113838.0
008 230509b bl.|||m| |||| 00| 0 por d
040 _aBR-BrBNA
_bpor
_cBiblioteca Nacional de Agricultura
072 _aE70
090 _aE70 BR7500926
110 1 _aFundacao Instituto Brasileiro de Geografia e Estatistica, Rio de Janeiro, GB. Superintendencia de Estatisticas Primarias
_94926
245 1 _aComercio interestadual. Exportacao por vias internas no primeiro trimestre, Guanabara 1975 [Brasil]
260 3 _aRio de Janeiro, GB (Brasil):
_c1975.
300 _a127 p.
490 _aComercio Interestadual. Exportacao por vias Internas, Guanabara (Brazil)
_v
_x
500 _aNumerical data
650 _aComercializacao
650 _aExportacao
650 _aComercio interno
650 _aCusto
650 _aPreco
650 _aCirculacao de mercadoria
650 _aGuanabara
909 _a202312
_bLúcia Elande
_c55
_dLúcia Elande
942 _2AGRIS
_n0
_cMS
999 _c265909
_d265909